01014nam a2200241 a 4500001001000000003000500010005001700015008004100032010001100073011001100084040000900095100003500104245020400139260004100343500006000384502010900444650003300553650003600586650003000622700003400652856001600686856007000702000113927CHAP20250912083915.0171009s2017 mx sm |||||||spa d a110388 a111360 cCHAP1 aBelmares Molina, Ulises Isabel10aTamaño de muestreo y métodos de muestreo del banco de semillas de cuatro especies de malezas en chapingo, Méxicoh[En línea]cpor Ulises Isabel Belmares Molina y Adrián Hernández Aguilar. aChapingo, Méx. :bEl autor,c2017. aPara ver el contenido del material haga clic en la liga aTesis (Ing. Agr. Esp. en Parasitología Agrícola) -- UACH. Departamento de Parasitología Agrícola14aMalas hierbasxFisiología.14aMalas hierbasxInvestigación.17aMalas hierbasxSemillas21 aHernández Aguilar, Adrián a1 n0000895 aFinding aiduhttp://10.13.5.2/tesis/sist113927.pdfzTeclea aquí